000 00755nam a2200229 i 4500
001 183070
003 ES-MaACL
005 20250804062634.0
008 140114s2013 sp | |||||||| | eng d
020 _a978-84-941283-1-8
080 _a821.134.2-31"18"
100 1 _aPérez Galdós, Benito,
_d1843-1920
_990871
245 1 0 _aMisericordia :
_b1897 /
_cBenito Pérez Galdós ; translated from the spanish by Robert Russell.
260 _a[Madrid] :
_bIsidora,
_cD.L. 2013.
300 _a460 p. ;
_c21 cm.
490 1 _aLetras universales
700 1 _aRussell, Robert.
_9154183
830 0 _aLetras universales
_9178013
852 _aES-MaACL
_jA-13019
_9190004
_bR.149859
_cDEPO1
_dOlim: N-6019
942 _2udc
_cMONOGRAFIA
999 _c183070
_d183070